00701nam a2200193Ia 4500003000900000008004100009040001600050080001500066100002800081245015300109260004100262300001600303650002000319650001600339700002100355942000700376999001100383952011300394IN-BaIIA211028s9999 xx 000 0 eng d cIIA Library a910.4bTHO aThomson, Wyville C.917 0aReport on the scientific results of the voyage of H M S Challenger the year 1873 - 76bvol. 2, deep sea depositscWyville C. Thomson and John Murray aLondonbH.M. Stationery Officec1891 axxix, 525p. aExpeditions918 aVoyages919 aMurray, John920 cBK c53d53 00104070aBANbKODcGENd0000-00-00g33.50l0o910.4/ THOp5r2021-11-05v33.50w0000-00-00yBKGRs. 33.50